<?xml version="1.0" encoding="UTF-8"?><marc:collection xmlns:marc="http://www.loc.gov/MARC21/slim">
  <marc:record>
    <marc:leader>00000nam##2200000za#4500</marc:leader>
    <marc:controlfield tag="001">9.641374</marc:controlfield>
    <marc:controlfield tag="003">CaOODSP</marc:controlfield>
    <marc:controlfield tag="005">20250403105359</marc:controlfield>
    <marc:controlfield tag="007">cr |||||||||||</marc:controlfield>
    <marc:controlfield tag="008">150407|1996||||xxc|||||o    f|0| 0 fre|d</marc:controlfield>
    <marc:datafield tag="040" ind1=" " ind2=" ">
      <marc:subfield code="a">CaOODSP</marc:subfield>
      <marc:subfield code="b">fre</marc:subfield>
    </marc:datafield>
    <marc:datafield tag="043" ind1=" " ind2=" ">
      <marc:subfield code="a">n-cn---</marc:subfield>
    </marc:datafield>
    <marc:datafield tag="086" ind1="1" ind2=" ">
      <marc:subfield code="a">CS96-301/1996F-PDF</marc:subfield>
    </marc:datafield>
    <marc:datafield tag="245" ind1="0" ind2="3">
      <marc:subfield code="a">Un coup d'oeil sur l'agriculture canadienne - guide de l'enseignant </marc:subfield>
      <marc:subfield code="h">[ressource électronique]</marc:subfield>
    </marc:datafield>
    <marc:datafield tag="260" ind1=" " ind2=" ">
      <marc:subfield code="a">Ottawa - Ontario : </marc:subfield>
      <marc:subfield code="b">Statistique Canada </marc:subfield>
      <marc:subfield code="c">1996.</marc:subfield>
    </marc:datafield>
    <marc:datafield tag="500" ind1=" " ind2=" ">
      <marc:subfield code="a">Niveau suggéré: classes du secondaire. Publication du recensement historique numérisé par Statistique Canada.</marc:subfield>
    </marc:datafield>
    <marc:datafield tag="520" ind1="3" ind2=" ">
      <marc:subfield code="a">Les activités qui suivent, prêtes à être développées en classe, donnent aux étudiants du niveau secondaire l’occasion d’acquérir des connaissances sur l’agriculture au Canada en consultant la publication Un coup d’oeil sur l’agriculture canadienne. Il présente un tableau complet qui soit de l’agriculture canadienne et de ses gens au moyen d'articles de fond, de graphiques, de diagrammes et de cartes géographiques basées sur des codes de couleurs. Tirés des recensements de l’agriculture et de la population et de Statistique Canada que d'autres sources, les sujets abordés vont de la culture des pommes au rôle des femmes dans l’agriculture, en passant par le contexte géographique et climatique de l'agriculture canadienne. Il est destiné aux enseignants de nombreux domaines, notamment la géographie, les mathématiques, les sciences et l'initiation à la vie familiale. Chacune des activités est mullidisciplinaire et reconnaît la diversité des méthodes d'apprentissage des élèves.</marc:subfield>
    </marc:datafield>
    <marc:datafield tag="590" ind1=" " ind2=" ">
      <marc:subfield code="a">13-04-Supp</marc:subfield>
      <marc:subfield code="b">2013-02-13</marc:subfield>
    </marc:datafield>
    <marc:datafield tag="691" ind1="0" ind2="7">
      <marc:subfield code="a">Données du recensement</marc:subfield>
      <marc:subfield code="2">gcpds</marc:subfield>
    </marc:datafield>
    <marc:datafield tag="691" ind1="0" ind2="7">
      <marc:subfield code="a">Statistiques de l'agriculture</marc:subfield>
      <marc:subfield code="2">gcpds</marc:subfield>
    </marc:datafield>
    <marc:datafield tag="710" ind1="2" ind2=" ">
      <marc:subfield code="a">Statistique Canada.</marc:subfield>
    </marc:datafield>
    <marc:datafield tag="775" ind1="0" ind2="8">
      <marc:subfield code="t">Canadian agriculture at a glance - teacher's kit </marc:subfield>
      <marc:subfield code="w">(CaOODSP)9.697317</marc:subfield>
    </marc:datafield>
    <marc:datafield tag="856" ind1="4" ind2="0">
      <marc:subfield code="a">http://publications.gc.ca</marc:subfield>
      <marc:subfield code="q">PDF</marc:subfield>
      <marc:subfield code="s">6.8 Mo</marc:subfield>
      <marc:subfield code="u">https://publications.gc.ca/collections/collection_2013/statcan/rh-hc/CS96-301-1996-fra.pdf</marc:subfield>
    </marc:datafield>
  </marc:record>
</marc:collection>
